Nový zákon o dani z pridanej hodnoty
Dňa 6. apríla 2004 NR SR opätovne schválila zákon č. 222/2004 Z.z. o dani z pridanej hodnoty, vrátený prezidentom SR. Nová úprava je rozsiahlejšia, ako bola doterajšia, má 88 paragrafov a 6 príloh rozčlenených do štrnástich častí. Základné ustanovenia.
Salvato in:
| Autore principale: | |
|---|---|
| Natura: | Capitolo di libro |
| Lingua: | slovacco |
| Soggetti: | |
| Tags: |
Nessun Tag, puoi essere il primo ad aggiungerne!!
|
MARC
| LEADER | 00000naa$a2200000$$$4500 | ||
|---|---|---|---|
| 001 | 0009067 | ||
| 005 | 20231109111324.1 | ||
| 041 | 0 | |a slo | |
| 044 | |a SK | ||
| 245 | 1 | 0 | |a Nový zákon o dani z pridanej hodnoty |c aut. Ľudovít Rybánsky |
| 520 | |a Dňa 6. apríla 2004 NR SR opätovne schválila zákon č. 222/2004 Z.z. o dani z pridanej hodnoty, vrátený prezidentom SR. Nová úprava je rozsiahlejšia, ako bola doterajšia, má 88 paragrafov a 6 príloh rozčlenených do štrnástich častí. Základné ustanovenia. | ||
| 610 | 2 | 0 | |a novelizácia |
| 610 | 2 | 0 | |a Slovensko |
| 610 | 2 | 0 | |a dane z hodnoty pridanej |
| 610 | 2 | 0 | |a zákony |
| 100 | 1 | |a Rybánsky, Ľudovít | |